000 02050cas a2200517 4500
001 30510
003 BD-RjUL
005 20211209051556.0
008 140410s1968 nyuax 0 1 a0eng
030 _aPYLMAI
_zPYLMA
035 _a(BD-RjUL)30596
_a(OCoLC)ocm01638923
040 _aDLC
_beng
_cMnMULS
_dCtY
_dNSDP
_dDLC
_dOCoLC
_dDLC
_dOCoLC
_dAIP
_dNSDP
_dAIP
_dOCoLC
_dMH
_dDLC
_dNST
_dDLC
_dMCM
_dPPBIO
_dMH
_dGU
_dDNLM
_dOCoLC
_dNSDP
_dNLGGC
_dCaQQL
_dMtU
_dCU-Riv
_dOCoLC
_dWaTU
_dOCoLC
_dBD-RjUL
041 _aeng
060 0 0 _aW1
_bPS746U
082 4 _a153.1534
_bPSY V-2 1968
245 0 4 _aThe Psychology of learning and motivation :
_badvances in research and theory /
_cedited by Kenneth W. Spence and Janet Taylore Spence.
_nVolume 2
260 _aNew York ;
_aSan Diego [etc.] :
_bAcademic Press,
_cc1968.
300 _ax, 249 p. :
_bill. ;
_c24 cm.
321 _aAnnual,
_b1967-88
500 _a"Advances in research and theory."
500 _aSome vols. have also distinctive titles.
504 _aIncludes bibliographical references and index.
650 0 _aMotivation (Psychology)
_vPeriodicals.
_992644
650 0 _aLearning, Psychology of
_vPeriodicals.
_992645
650 2 _aLearning.
_992646
650 2 _aMotivation.
_992647
650 1 7 _aLeren.
_2gtt
_992648
650 1 7 _aMotivatie.
_2gtt
_992649
650 6 _aMotivation (Psychologie)
_vPériodiques.
_992650
650 6 _aApprentissage, Psychologie de l'
_vPériodiques.
_992651
700 1 _aSpence, Kenneth W.
_97148
700 1 _aSpence, Janet Taylore.
_992710
776 1 _tPsychology of learning and motivation (Online)
_x1557-802X
_w(DLC) 2005215179
_w(OCoLC)60616576
776 0 8 _iOnline version:
_tPsychology of learning and motivation
_w(OCoLC)560638312
936 _aVol. 27, published in 1991 LIC
942 _2ddc
_cBK
999 _c30510
_d30510